<?xml version="1.0" encoding="UTF-8"?>
<record
    xmlns:xsi="http://www.w3.org/2001/XMLSchema-instance"
    xsi:schemaLocation="http://www.loc.gov/MARC21/slim http://www.loc.gov/standards/marcxml/schema/MARC21slim.xsd"
    xmlns="http://www.loc.gov/MARC21/slim">

  <leader>00394nam a22001097a 4500</leader>
  <datafield tag="040" ind1=" " ind2=" ">
    <subfield code="c">SY</subfield>
  </datafield>
  <datafield tag="082" ind1=" " ind2=" ">
    <subfield code="a">471</subfield>
  </datafield>
  <datafield tag="100" ind1=" " ind2=" ">
    <subfield code="a">&#x1798;&#x17C0;&#x1785; &#x179F;&#x17C6;&#x17A2;&#x17C2;&#x179B;</subfield>
  </datafield>
  <datafield tag="245" ind1=" " ind2=" ">
    <subfield code="a">Quels metiers pour les economistes agricoles?, &#x178F;&#x17BE;&#x1798;&#x17B6;&#x1793;&#x1798;&#x17BB;&#x1781;&#x179A;&#x1794;&#x179A;&#x17A2;&#x17D2;&#x179C;&#x17B8;&#x1781;&#x17D2;&#x179B;&#x17C7; &#x179F;&#x17C6;&#x179A;&#x17B6;&#x1794;&#x17CB;&#x17A2;&#x17D2;&#x1793;&#x1780;&#x179F;&#x17C1;&#x178A;&#x17D2;&#x178B;&#x1780;&#x17B7;&#x1785;&#x17D2;&#x1785;&#x1780;&#x179F;&#x17B7;&#x1780;&#x1798;&#x17D2;&#x1798;?</subfield>
  </datafield>
  <datafield tag="260" ind1=" " ind2=" ">
    <subfield code="a">RUA</subfield>
    <subfield code="b">&#x1798;&#x17C0;&#x1785;</subfield>
    <subfield code="c">2001</subfield>
  </datafield>
  <datafield tag="942" ind1=" " ind2=" ">
    <subfield code="c">KB</subfield>
  </datafield>
  <datafield tag="999" ind1=" " ind2=" ">
    <subfield code="c">9740</subfield>
    <subfield code="d">9740</subfield>
  </datafield>
  <datafield tag="952" ind1=" " ind2=" ">
    <subfield code="0">0</subfield>
    <subfield code="1">0</subfield>
    <subfield code="4">0</subfield>
    <subfield code="6">471_000000000000000_&#x1798;&#x17C0;&#x1785;_2001_C185</subfield>
    <subfield code="7">0</subfield>
    <subfield code="9">51890</subfield>
    <subfield code="a">LBC</subfield>
    <subfield code="b">LBC</subfield>
    <subfield code="c">C185</subfield>
    <subfield code="d">2016-09-08</subfield>
    <subfield code="o">471 &#x1798;&#x17C0;&#x1785; 2001 C185</subfield>
    <subfield code="p">RUA047800</subfield>
    <subfield code="r">2016-09-08</subfield>
    <subfield code="y">KB</subfield>
  </datafield>
</record>
